Täter-Opfer-Ausgleich im allgemeinen Strafrecht: die Ergebnisse der Begleitforschung des WAAGE-Projekts Hannover
| Corporate Author: | |
|---|---|
| Contributors: | |
| Format: | Print Book |
| Language: | German |
| Published: |
Baden-Baden
Nomos-Verl.-Ges.
1997
|
| In: |
Interdisziplinäre Beiträge zur kriminologischen Forschung (7)
Year: 1997 |
| Edition: | 1. Aufl. |
| Availability in Tübingen: | Present in Tübingen. IFK: S 81 7 |
| Check availability: | HBZ Gateway |
| Subito Delivery Service: | Order now. |
| Keywords: |
MARC
| LEADER | 00000cam a2200000 c 4500 | ||
|---|---|---|---|
| 001 | 227017803 | ||
| 003 | DE-627 | ||
| 005 | 20260206192309.0 | ||
| 007 | tu | ||
| 008 | 970430s1997 gw ||||| 00| ||ger c | ||
| 015 | |a 97,N19,0258 |2 dnb | ||
| 015 | |a 97,A29,0399 |2 dnb | ||
| 016 | 7 | |a 950071846 |2 DE-101 | |
| 020 | |a 378904802X |c : EUR 23.50 (flexibler Kunststoffeinband) |9 3-7890-4802-X | ||
| 020 | |a 378904802x |9 3-7890-4802-x | ||
| 035 | |a (DE-627)227017803 | ||
| 035 | |a (DE-603)052511812 | ||
| 035 | |a (DE-576)059007540 | ||
| 035 | |a (DE-599)DNB950071846 | ||
| 035 | |a (OCoLC)260002235 | ||
| 035 | |a (OCoLC)40415730 | ||
| 040 | |a DE-627 |b ger |c DE-627 |e rakwb | ||
| 041 | |a ger | ||
| 044 | |c XA-DE | ||
| 082 | 0 | 4 | |a 14 |q dnb |
| 084 | |a HAN 414 |2 sfb | ||
| 084 | |a R 483,3 |2 sfb | ||
| 084 | |a R 491,6 |2 sfb | ||
| 084 | |a 19 |2 sdnb | ||
| 084 | |a 19 |a 14 |2 sdnb | ||
| 084 | |a PH 8600 |2 rvk |0 (DE-625)rvk/136512: | ||
| 084 | |a 86.34 |2 bkl | ||
| 245 | 0 | 0 | |a Täter-Opfer-Ausgleich im allgemeinen Strafrecht |b die Ergebnisse der Begleitforschung des WAAGE-Projekts Hannover |c Christian Pfeiffer (Hrsg.) |
| 250 | |a 1. Aufl. | ||
| 263 | |a kart. | ||
| 264 | 1 | |a Baden-Baden |b Nomos-Verl.-Ges. |c 1997 | |
| 300 | |a 290 S. |b graph. Darst. |c 23 cm | ||
| 336 | |a Text |b txt |2 rdacontent | ||
| 337 | |a ohne Hilfsmittel zu benutzen |b n |2 rdamedia | ||
| 338 | |a Band |b nc |2 rdacarrier | ||
| 490 | 1 | |a Interdisziplinäre Beiträge zur kriminologischen Forschung |v 7 | |
| 505 | 8 | |a Literaturangaben | |
| 505 | 8 | |a Literaturangaben | |
| 505 | 8 | |a Literaturangaben | |
| 583 | 1 | |a Archivierung/Langzeitarchivierung gewährleistet |f PEBW |x XA-DE-BW |2 pdager |5 DE-31 | |
| 650 | 4 | |a Täter-Opfer-Ausgleich | |
| 650 | 4 | |a Projekt | |
| 689 | 0 | 0 | |d s |0 (DE-588)4215596-4 |0 (DE-627)105056006 |0 (DE-576)210226234 |a Täter-Opfer-Ausgleich |2 gnd |
| 689 | 0 | 1 | |d s |0 (DE-588)4115645-6 |0 (DE-627)105812749 |0 (DE-576)209494948 |a Projekt |2 gnd |
| 689 | 0 | |5 DE-101 | |
| 689 | 1 | 0 | |d s |0 (DE-588)4215596-4 |0 (DE-627)105056006 |0 (DE-576)210226234 |a Täter-Opfer-Ausgleich |2 gnd |
| 689 | 1 | 1 | |d s |0 (DE-588)4115645-6 |0 (DE-627)105812749 |0 (DE-576)209494948 |a Projekt |2 gnd |
| 689 | 1 | |5 (DE-627) | |
| 700 | 1 | |a Pfeiffer, Christian |d 1944- |e Hrsg. |0 (DE-588)121966348 |0 (DE-627)081651929 |0 (DE-576)293022240 |4 edt | |
| 710 | 2 | |a Kriminologisches Forschungsinstitut Niedersachsen |0 (DE-588)128526-9 |0 (DE-627)102369798 |0 (DE-576)190698799 |4 oth | |
| 830 | 0 | |a Interdisziplinäre Beiträge zur kriminologischen Forschung |v 7 |9 700000 |w (DE-627)130300489 |w (DE-576)008449171 |w (DE-600)581371-2 |x 0937-0773 |7 am | |
| 935 | |i Blocktest | ||
| 935 | |h HEB |i 0501 | ||
| 935 | |h HEB |i 0503 | ||
| 936 | r | v | |a PH 8600 |b Allgemeines; Täter-Opfer-Ausgleich; Wiedergutmachung; Opferentschädigung |k Rechtswissenschaft |k Strafrecht, Strafverfahrensrecht, Kriminologie |k Kriminologie |k Viktimologie |k Allgemeines; Täter-Opfer-Ausgleich; Wiedergutmachung; Opferentschädigung |0 (DE-627)1271675021 |0 (DE-625)rvk/136512: |0 (DE-576)201675021 |
| 936 | b | k | |a 86.34 |j Strafrecht: Allgemeiner Teil |0 (DE-627)10641674X |
| 936 | s | n | |a p100 |2 mzub |
| 936 | s | n | |a m200 |2 mzub |
| 951 | |a BO | ||
| ELC | |b 1 | ||
| LOK | |0 000 xxxxxcx a22 zn 4500 | ||
| LOK | |0 001 3185269608 | ||
| LOK | |0 003 DE-627 | ||
| LOK | |0 004 227017803 | ||
| LOK | |0 005 19971011000000 | ||
| LOK | |0 008 970812||||||||||||||||ger||||||| | ||
| LOK | |0 040 |a DE-21-110 |c DE-627 |d DE-21-110 | ||
| LOK | |0 852 |a DE-21-110 | ||
| LOK | |0 852 1 |c S 81 7 |m p |9 00 | ||
| LOK | |0 935 |a k110 | ||
| LOK | |0 938 |k p | ||
| LOK | |0 939 |a 12-08-97 |b l01 | ||
| ORI | |a SA-MARC-krimdoka001.raw | ||
| SIG | |a IFK: S 81 7 | ||
